000 00829cam a22002051 4500
001 000395760
003 AM-YeHGA
005 20250617132400.0
008 840214m19399999enk|||||||||||000|0|eng|d
040 _aAM-YeHGA
041 0 _aeng
245 0 0 _aNomenclator zoologicus;
_bA list of the names of genera and subgenera in zoology from the tenth edition of Linnaeus, 1758, to the end of 1935 /
_cEdited by Sheffield Airey Neave.
260 _aLondon :
_bZoological Society,
_c1939.
300 _av.
505 1 0 _gVol.1(xiv,957 p.) :
_tA-C ;
_gVol. 2(1025 p.)
_tD-L ;
_gVol. 3(1065 p.) :
_tM-P ;
_gVol. 4(1940,758 p.) :
_tQ-Z and Supplement ;
_gVol. 5(1950, 308 p.) :
_t1936-1945
650 0 _aZoology
_xNomenclatures
700 1 _aNeave, Sheffield Airey,
_d1879-1961,
_4edt
710 2 _aZoological Society of London
090 _c151429
999 _c150039
_d150039